000 00772nam a2200229 a 4500
001 64344
003 BD-RjUL
005 20211209081309.0
008 170213s1984 bg ||||| |||| 00| 0 eng d
020 _cTk.30.00
035 _a(BD-RjUL)64474
040 _aBD-RjUL
_bben
_cBD-RjUL
_dBD-RjUL
041 _aben
082 _223
_a891.441
_bMAA 1984
100 _aআল-মাহমুদ
_9190985
245 _aআলমাহমুদের কবিতা /
_cআলমাহমুদ
260 _aঢাকা :
_bহরফ প্রকাশনী,
_c১৯৮৪.
300 _a৩৩৫ পৃ. ;
_c২৪ সেমি.
650 _aবাংলা কবিতা
_vসংগ্রহ
_9170410
650 _aBengali poetry
_vcllections
_9190986
942 _2ddc
_cBK
999 _c64344
_d64344